TV Employers II Quiz Stats

 Plays Quiz Updated Oct 13, 2016

Also try: TV Employers
Challenge
Share
Tweet
Embed
Score 0/26 Timer 06:00
0 Plays Today
Employer TV Show % Correct
Central Perk/BloomingdalesFriends
86%
Seattle Grace HospitalGrey's Anatomy
64.7%
Caltech Department of PhysicsThe Big Bang Theory
62.7%
Cunningham HardwareHappy Days
62.2%
Pendant Publishing/The J. Peterman CompanySeinfeld
57.5%
New York City Office of the MayorSpin City
56.1%
Blush MagazineJust Shoot Me
53.1%
Happy-Go-Lucky Toy Factory/Pawtucket BreweryFamily Guy
52.6%
Wake Up, San FranciscoFull House
50.6%
Strickland PropaneKing of the Hill
48.2%
The Pacific Princess The Love Boat
44.6%
Stalag 13 POW CampHogan's Heroes
44.5%
Tom Nevers Field, NantucketWings
42.2%
Employer TV Show % Correct
Mel's DinerAlice
41.1%
United Federation of PlanetsStar Trek
40.8%
William McKinley High SchoolGlee
38.2%
Commerce Bank of Beverly HillsThe Beverly Hillbillies
38%
Eastland Boarding SchoolThe Facts of Life
36.8%
Goliath National BankHow I Met Your Mother
36.8%
Newsday, Sports SectionEverybody Loves Raymond
30.5%
Paddy's PubIt's Always Sunny in Philadelphia
29%
NASA Kennedy Space CenterI Dream of Jeannie
25.5%
First Community Church of PhiladelphiaAmen
23.2%
Rodbell's Department Store Luncheonette Roseanne
21%
PT-73McHale's Navy
19.4%
Eastman Medical CenterDoogie Howser, M.D.
13.9%

You're not logged in!

Compare scores with friends on all Sporcle quizzes.
OR
Log In

You Might Also Like...

Show Comments

Extras

Top Quizzes Today


Score Distribution

Your Account Isn't Verified!

In order to create a playlist on Sporcle, you need to verify the email address you used during registration. Go to your Sporcle Settings to finish the process.

Report this User

Report this user for behavior that violates our Community Guidelines.

Details: